000 01168 a2200265 4500
003 dpl
005 20161025114801.0
008 090129t xxu||||| |||| 00| 0 eng d
010 _aENG-90068-71
020 _c500.00 (app.) each vol.
035 _aEN-73601-04
037 _bDBAD / PUB
040 _cdpl
082 _a347.052
100 _aManhor, V.R.
_916123
245 _aThe AIR manual :
_bUnrepealed Central Acts (Civil and criminal) /
_cby V.R. Manhor & W.W. Chitaley
250 _a6th ed
260 _aNagpur
_bThe All India Reporter
_c2006
270 _aPost Box No. 209, Congress Nagar,
_bNagpur
_e440012
_k2434321, 2425123
300 _aV.7-10 (Lxiv, 1328p.; xLvii, 1320p.; viii, 1372p.; xx, 1268p.)
_c25 cm ( Hb)
500 _aReceived Vol. 7,8,9,10, in 6th ed.
505 _av.7- Civil P.C. (1908), O.39, R.1 to Companies Act (1956), S.81. V.8-Companies Act (1956), Section 82 to Conservation of Foreign Exchange and Prevention of Smuggling Activities Act (1974). v.9-Constitution of India Preamble to Article 18. v.10-Constitution of India Article19 to Article 225.
700 _aChitaley, W.W.
_916124
942 _adpl
_cEN
_k347.052/ MAN
_2ddc
999 _c12062
_d12062